| 000 -CABECERA |
| Longitud fija campo de control |
00559nam a2200181 a 4500 |
| 001 - NÚMERO DE CONTROL |
| Número de control |
4161 |
| 003 - IDENTIFICADOR DEL NÚMERO DE CONTROL |
| Identificador del número de control |
CDMR |
| 005 - FECHA Y HORA DE LA ÚLTIMA TRANSACCIÓN |
| Fecha y hora de la última transacción |
20151019134801.0 |
| 008 - CÓDIGOS DE INFORMACIÓN DE LONGITUD FIJA |
| Códigos de información de longitud fija |
130130s1996||||||||||||||||||||||||||||d |
| 020 ## - NÚMERO INTERNACIONAL NORMALIZADO PARA LIBROS |
| Número Internacional Normalizado para Libros (ISBN) |
8479353406 |
| 040 ## - FUENTE DE LA CATALOGACIÓN |
| Centro catalogador de origen |
CDMR |
| Lengua de catalogación |
cat |
| Centro transcriptor |
CDMR |
| 245 #0 - MENCIÓN DE TÍTULO |
| Título |
Cambra fosca 1936-1946 |
| Resto del título |
: imatges de Catalunya dels fotoperiodistes Brangulí |
| 260 ## - PUBLICACIÓN, DISTRIBUCIÓN, ETC. (PIE DE IMPRENTA) |
| Lugar de publicación, distribución, etc. |
Lleida |
| Fecha de publicación, distribución, etc. |
1996 |
| Nombre del editor, distribuidor, etc. |
Pagès |
| 500 ## - NOTA GENERAL |
| Nota general |
Catàleg de l'exposició |
| 650 04 - PUNTO DE ACCESO ADICIONAL DE MATERIA - TÉRMINO DE MATERIA |
| 9 (RLIN) |
3679 |
| Término de materia o nombre geográfico como elemento inicial |
Fotoperiodisme |
| Subdivisión geográfica |
Catalunya |
| Subdivisión cronológica |
S. XX |
| Subdivisión de materia general |
Exposicions |
| 650 04 - PUNTO DE ACCESO ADICIONAL DE MATERIA - TÉRMINO DE MATERIA |
| 9 (RLIN) |
3196 |
| Término de materia o nombre geográfico como elemento inicial |
Espanya |
| Subdivisión de materia general |
Història |
| Subdivisión cronológica |
1936-1939, Guerra Civil |
| 942 ## - ENTRADA DE ELEMENTOS AGREGADOS (KOHA) |
| Koha [por defecto] tipo de item |
Monografies |
| Fuente de clasificaión o esquema |
|